|
|
|
|
| LEADER |
00000nab a2200000 a 4500 |
| 001 |
vtls000239163 |
| 003 |
SK-MaSNL |
| 005 |
20260302210929.0 |
| 008 |
160201c1985 xo 0 cze |
| 015 |
|
|
|a SNBRA19rr/mm-uuuuu
|
| 035 |
|
|
|a CL0249277
|
| 040 |
|
|
|a SNKBUCL
|b slo
|c SNKBUCL
|e AACR2
|
| 041 |
0 |
|
|a cze
|
| 044 |
|
|
|a xo
|c SK
|
| 080 |
|
|
|a 621.928.94
|2 1981
|
| 080 |
|
|
|a 628.511
|2 1981
|
| 080 |
|
|
|a 621.9.028.4
|2 1981
|
| 100 |
1 |
|
|a Bečvář, Josef
|4 aut
|9 572552
|
| 245 |
1 |
0 |
|a Technické podmínky správné funkce látkových filtrů pro filtraci průmyslově znečistěných plynů
|c Josef Bečvář
|
| 300 |
|
|
|b Obr. 2. Graf 1.
|
| 650 |
0 |
7 |
|a odlučovače prachu
|2 snkbucl
|9 677192
|
| 650 |
0 |
7 |
|a filtre textilné
|2 snkbucl
|9 934609
|
| 655 |
|
7 |
|a články zo zborníkov
|2 snkbucl
|9 166140
|
| 773 |
0 |
|
|t Ochrana ovzdušia
|d Bratislava : Dom techniky ČSVTS, 1985
|g S. 38-51
|
| 850 |
|
|
|a Slovenská národná knižnica v Martine
|a MTA001
|
| 852 |
|
|
|a SNK
|b KIS3GCP
|
| 958 |
|
|
|a RK
|
| 958 |
|
|
|a CZ
|
| 992 |
|
|
|a RZB
|
| 999 |
|
|
|c 1484513
|d 1486443
|